Rectificación histórica (Registro nro. 52383)
[ vista simple ]
| 000 -LÍDER | |
|---|---|
| Campo fijo de descripción fija | 01226aab a2200193 i 4500 |
| 001 - NÚMERO DE CONTROL | |
| Campo de control | 768714001 |
| 003 - IDENTIFICADOR DEL NÚMERO DE CONTROL | |
| Campo de control | CO-MdFUSB |
| 005 - FECHA Y HORA DE LA ULTIMA TRANSACCIÓN | |
| control field | 20240424123837.0 |
| 008 - ELEMENTOS DE LONGITUD FIJA -- INFORMACIÓN GENERAL | |
| Campo fijo de descripción fija -- Información general | 240424t1999 ck ||||| |||| 00| 0 spa d |
| 040 ## - FUENTE DE CATALOGACIÓN | |
| Idioma de catalogación | spa |
| Agencia que realiza la transcripción | CO-MdFUSB |
| 041 ## - CÓDIGO DE IDIOMA | |
| Código de idioma para texto/pista de sonido o título separado | spa |
| 100 1# - ASIENTO PRINCIPAL--NOMBRE PERSONAL | |
| Nombre personal | Chao Montes, J. Jorge |
| Término relacionador | autor |
| 245 10 - TÍTULO | |
| Título | Rectificación histórica |
| Mención de responsabilidad | / J. Jorge Chao Montes |
| 300 ## - DESCRIPCIÓN FÍSICA | |
| Extensión | Volumen 18, número 1 y 2 (enero - Julio, 1999), páginas: 48 - 50 |
| Dimensiones | ; 27 cm |
| 520 ## - NOTA DE RESUMEN, ETC. | |
| Nota de sumario, etc. | En resumen, ya en 1971 el movimiento mexicano, con todas las debilidades que pueda haber tenido, no era un movimiento pionero sino un movimiento en expansión y consolidación. Por lo menos tres representantes de la. C. I. E. E. habían sido parte de el fermento pionero entre la década de los años 50 y 1967; ya se habían desarrollado, desde las bases estudiantiles, algunos profesionales comprometidos con la misión cristiana en diferentes campos, y ya se habla contado con un secretario general y otros asesores mexicanos, también formados desde las bases estudiantiles<br/> |
| 650 #0 - ASIENTO SECUNDARIO DE MATERIA - TERMINO TEMÁTICO | |
| Término temático o nombre geográfico como elemento de entrada | Historia de la Iglesia |
| 9 (RLIN) | 153 |
| 773 0# - ASIENTO DE ITEM FUENTE | |
| Título | Iglesia y Misión |
| Biblionumber | 49402 |
| Itemnumber | 59632 |
| Parte(s) relacionada(s) / Volumen., número. (mes año), páginas | Volumen 18, número 1 y 2 (enero - Julio, 1999), páginas: 48 - 50 |
| Enumeración y primera página | páginas: 48 |
| 942 ## - TIPO DE MATERIAL (KOHA) | |
| Tipo de Item KOHA | Artículos de Revista |
No hay ítems disponibles.
